000
00316nam a2200121Ia 4500
008
220217s9999||||xx |||||||||||||| ||und||
082
_a
00 5.43 HAR
100
_a
Harris, Archer, J
245
0
_a
Operating systems
260
_a
Tata mcgraw hill
_b
New Delhi
_c
2003
300
_b
175
650
_a
Operating systems
999
_c
170928
_d
170928